Largest Countries below 2000m - Statistics

General Stats
  • This quiz has been taken 22 times
  • The average score is 6 of 10
Answer Stats
Area (km²) Answer % Correct
338,425 Finland
82%
1,030,700 Mauritania
82%
406,752 Paraguay
82%
1,240,192 Mali
71%
622,984 Central African Republic
65%
342,000 Republic of the Congo
65%
274,222 Burkina Faso
59%
322,463 Ivory Coast
53%
581,730 Botswana
41%
267,668 Gabon
35%
No matching quizzes found
Score Distribution
Percent of People with Each Score
Percentile by Number Answered
Your Score History
You have not taken this quiz